The Law and Practice of Administration of Estates and Estate Duty / (Record no. 300)

MARC details
000 -LEADER
fixed length control field 00564nam a22001817a 4500
005 - DATE AND TIME OF INPUT
control field 20231106092517.0
008 - DATA ELEMENTS--GENERAL INFORMATION
fixed length control field 231106b |||||||| |||| 00| 0 eng d
020 ## - INTERNATIONAL STANDARD BOOK NUMBER
International Standard Book Number 0958434794
041 ## - LANGUAGE CODE
Language code of text English
082 ## - SHELF NUMBER
DDC number 346.5 MEY
100 ## - MAIN AUTHOR
Main author's name Meyerowitz, D
Language of a work English
245 ## - TITLE STATEMENT
Title The Law and Practice of Administration of Estates and Estate Duty /
Statement of responsibility, etc. D Meyerowitz
250 ## - EDITION STATEMENT
Edition statement 2004 Edition
260 ## - PUBLICATION, DISTRIBUTION, ETC.
Place of publication, distribution, etc. Cape Town :
Name of publisher, distributor, etc. The Taxpayer CC,
Date of publication, distribution, etc. 2004
300 ## - PHYSICAL DESCRIPTION
Other physical details xxx, 178 pages ;
Dimensions 25 cm.
650 ## - SUBJECT`
Broad subject Legal practice
Own subject terms Law
942 ## - ADDED ENTRY ELEMENTS (KOHA)
Item type Books
942 ## - ADDED ENTRY ELEMENTS (KOHA)
-- ALISON_BN_VRIES
Holdings
Source of classification or shelving scheme Not for loan Collection code Home library Current library Shelving location Date acquired Full call number Barcode Price effective from Koha item type
Dewey Decimal Classification   TEXT BOOKS LAW SOCIETY OF NAMIBIA LIBRARY - WINDHOEK LAW SOCIETY OF NAMIBIA LIBRARY - WINDHOEK Administration and estates, wills 11/06/2023 346.5 MEY LSN/2004/8 11/06/2023 Books